000 006750000a22001930004500
090 _aAR
_b03052
245 1 0 _aDescription of a new grasshopper species from Ecuador (<Caenolampis, Ophthalmolampini, Romaleidae, Orthopera>)
650 1 4 _aInsectos
_992622
650 1 4 _aEntomología
_94483
650 1 4 _aNuevas especies
_992905
650 1 4 _aTaxonomía animal
_98245
650 1 4 _aMorfología animal
_99953
651 4 _dChocó
_pColombia
_992749
653 _gCaenolampis
_eCaenolampis ottei
041 0 _aInglés
100 1 _aGlenn, George S.
_996647
942 _cARTICULO
773 1 _tProceedings of the Academy of Natural Sciences Philadelphia
_3123
_h1
_q308-310
_d1987
_g140
999 _c12109
_d12109